The analyzed Bible. (Record no. 3318)

000 -LEADER
fixed length control field 00581nam a2200193 a 4500
001 - CONTROL NUMBER
control field :::00001048$&:&@@
003 - CONTROL NUMBER IDENTIFIER
control field OkBaRHE
005 - DATE AND TIME OF LATEST TRANSACTION
control field 20000607103241.0
008 - FIXED-LENGTH DATA ELEMENTS--GENERAL INFORMATION
fixed length control field s1964 j 000 0 eng u
040 ## - CATALOGING SOURCE
Transcribing agency
100 1# - MAIN ENTRY--PERSONAL NAME
Personal name Morgan, George Campbell, 1863-1945.
245 14 - TITLE STATEMENT
Title The analyzed Bible.
260 ## - PUBLICATION, DISTRIBUTION, ETC. (IMPRINT)
Place of publication, distribution, etc Westwood, NJ., :
Name of publisher, distributor, etc Fleming H. Revell & Co.
Date of publication, distribution, etc 1964
300 ## - PHYSICAL DESCRIPTION
Extent 600 p. ;
Dimensions 22 cm.
650 ## - SUBJECT ADDED ENTRY--TOPICAL TERM
Topical term or geographic name as entry element Bible
General subdivision Commentaries
650 ## - SUBJECT ADDED ENTRY--TOPICAL TERM
Topical term or geographic name as entry element Bible
General subdivision Study
942 ## - ADDED ENTRY ELEMENTS (KOHA)
Source of classification or shelving scheme
Koha item type Books
Copies
Date acquired Source of classification or shelving scheme Not for loan Date last seen Full call number Koha item type Price effective from Permanent Location Total Checkouts Withdrawn status Total Renewals Copy number Current Location Date checked out Damaged status Barcode Shelving location Lost status
2010-04-14  2022-01-07BS 511 .M532Books2010-04-14RHEMA Bible Training College2 11RHEMA Bible Training College2021-12-17 1048General Stacks